000 00625nam a2200241Ia 4500
003 OSt
005 20220918174324.0
006 a|||||r|||| 00| 0
007 ta
008 220917b |||||||| |||| 00| 0 eng d
024 _a11,591
037 _cTextual
040 _aARTS
_cARTS
_beng
041 _2eng
_aeng
082 _a/\:864wNCH,1, K9
100 _aCheiro
_949984
245 0 _aConfessions
_b Memories of a modern seer
260 _aN.
_bDelhi Sagar Pub
_c1969
300 _a302p
_ccm.
650 _aSPIRITUALISM
942 _h/\:864wNCH,1, K9
_cTEXL
_2CC
999 _c152681
_d152681